000 00943 a2200241 4500
999 _c2175
_d2175
020 _a0304705195 (pbk.)
020 _a0304705187 (hbk.)
050 0 0 _aLB1027.5DEC
245 0 0 _aTaking children seriously :
_bapplications of counselling and therapy in education /
_cedited by Steve Decker ... [et al.].
264 _aNew York:
_bCaswell,
_c1999
300 _axviii, 268 p. :
_bill.
440 0 _aCassell studies in pastoral care and personal and social education
500 _aIncludes index
504 _aIncludes bibliographical references and indexes.
650 0 _aEducational counseling
650 0 _aBehavior therapy for children
700 1 _aDecker, Steve.
_eeditor
700 1 _aKirby Sandy
_qeditor
700 1 _aGreenwood Angela
_eeditor
700 1 _aMoore Dudley
_eeditor
942 _2lcc
_cBK
_h1027.5
_iDEC
_kLB